[Event "FIDE Chesscom Grand Swiss 2021"]
[Site "Riga"]
[Date "2021.10.31"]
[Round "5.43"]
[White "Durarbayli, Vasif"]
[Black "Jobava, Baadur"]
[Result "0-1"]
[WhiteElo "2629"]
[BlackElo "2582"]
[Annotator "TA"]
[PlyCount "88"]
[EventDate "2021.10.27"]
[EventType "swiss"]
[EventCountry "LAT"]
[Tiebreak "Cut1 Buchholz+Sonneborn-Berger (Swiss)"]
[SourceTitle "playchess.com"]
[Source "ChessBase"]
[SourceQuality "1"]

{[%evp 12,88,35,39,31,28,54,52,50,61,36,30,46,32,70,70,66,67,73,3,3,3,0,0,0,0,
0,7,4,0,0,-89,-98,-104,-114,-169,-167,-161,-163,-158,-168,-215,-218,-215,-228,
-342,-349,-319,-180,-188,-183,-188,0,0,0,-94,-107,-54,-75,-99,0,0,0,0,0,0,314,
317,286,15,353,331,703,-698,-693,-671,-627,-608,-572]} 1. e4 e5 2. Nf3 Nc6 3.
Bb5 a6 4. Ba4 b5 5. Bb3 Na5 6. d4 exd4 7. Qxd4 Bb7 {C70: Ruy Lopez: 3...a6 4
Ba4, Norwegian and Delayed Schliemann.} 8. Nc3 d6 {Hoping for ...c5.} 9. Bg5 f6
{White is slightly better.} 10. Bxg8 Rxg8 {[#]} 11. Bd2 $146 ({Predecessor:} 
11. Be3 Qd7 12. O-O-O Kf7 13. Nd2 Be7 14. h3 Bd8 15. f4 Re8 16. Bf2 c5 17. Qd3
{1-0 (50) Molano,I (1324)-Csaba,F (1367) LSS email 2011}) 11... Nc4 12. O-O-O
g6 13. Nd5 Bg7 14. Bc3 Kf7 15. h4 ({White should try} 15. Rhe1 $16) 15... c6 $1
$11 {[%cal Rc6d5]} 16. Ne3 c5 17. Qd3 Nxe3 18. Qxe3 Re8 {aiming for ...b4.} 19.
Qf4 Kg8 $1 $132 {[%mdl 2048] White must now prevent ...b4. Black is fighting
back} 20. Rxd6 Bh6 {[%mdl 64] Deflection} 21. Qxh6 (21. Ng5 $1 $11 fxg5 22. Qd2
) 21... Qxd6 $17 22. h5 Bxe4 23. hxg6 (23. Ng5 $17 Ra7 24. Nxe4 Rxe4 25. hxg6
Qf4+ {[%mdl 64] Double Attack} 26. Bd2 Qxh6 27. Rxh6) 23... Bxg6 $19 24. Nh4
Qf8 $1 {[%cal Rf8h6]} 25. Qf4 Re4 26. Qg3 Qh6+ 27. Bd2 Qh5 28. f3 (28. Qf3 {
was necessary.}) 28... Rc4 29. c3 Rd8 (29... Ra4 $142 30. a3 Rxh4 31. Rxh4 Qd5)
30. Qc7 Qd5 {[%csl Gd8][%cal Rd5d2]} 31. Bh6 {[%csl Gh6][%cal Rc7g7]} Rd7 (
31... Qd7 $1 $19 {[%cal Rd7c7]} 32. Qxd7 Rxd7 33. Nxg6 hxg6) 32. Qb8+ $11 Rd8
33. Nxg6 (33. Qc7 $11 {keeps the balance.} Qd7 34. Qxd7 Rxd7 35. Nxg6 hxg6 36.
Be3) 33... hxg6 $17 (33... Rxb8 $2 {too greedy.} 34. Ne7+ Kf7 35. Nxd5 $18) ({
Stronger than} 33... Rxc3+ 34. bxc3 Qd3 35. Qf4 $16) 34. Qc7 {[%csl Gh6][%cal
Rc7g7]} Qd7 35. Qh2 Qh7 (35... b4 $1 $17 {[%cal Rb4c3]} 36. Be3 bxc3) 36. g3 $1
$11 g5 37. Qe2 Qf7 {Strongly threatening ...Qe8.} (37... Kf7 $5 38. Re1 $8 Kg6
39. Bxg5 {[%mdl 64] Remove Defender} Kxg5 40. f4+ Kg6 41. Qg4+ Kf7 42. Qe6+ {
[%mdl 64] Double Attack} Kg6 43. Qg4+ Kf7 44. Qe6+ {[%mdl 64] Double Attack}
Kg6 45. Qg4+ $11) 38. Bxg5 Ra4 $2 {[%mdl 8192] [#]} (38... fxg5 $11 {and Black
stays safe.} 39. Qe5 Qg7 40. Qe6+ {[%mdl 64] Double Attack} Kf8) 39. Qh2 $1 $18
{[%csl Gh1][%cal Rh2h8]} Qg7 40. Bh6 (40. Bf4 $1 $18) 40... Qh7 $2 {[%mdl 8192]
[#]} (40... Qg6 $1 $11 41. b3 Ra5) 41. b3 $1 Ra3 $2 (41... Qd3) 42. Qh5 $4 {
[%mdl 8192]} (42. Qh3 $18 f5 43. Kb2) 42... Rxa2 $19 {[%csl Ga2][%cal Rh7c2]
Black is clearly winning.} 43. Qg4+ Kf7 {[%csl Ga2][%cal Rh7c2]} 44. Qh5+ {[#]}
Qg6 $1 {Never resign too early!  Weighted Error Value: White=0.37/Black=0.44}
0-1

[Event "FIDE Chesscom Grand Swiss 2021"]
[Site "Riga"]
[Date "2021.10.31"]
[Round "5.44"]
[White "Zhou, Jianchao"]
[Black "Sindarov, Javokhir"]
[Result "1/2-1/2"]
[WhiteElo "2629"]
[BlackElo "2587"]
[Annotator "TA"]
[PlyCount "44"]
[EventDate "2021.10.27"]
[EventType "swiss"]
[EventCountry "LAT"]
[Tiebreak "Cut1 Buchholz+Sonneborn-Berger (Swiss)"]
[SourceTitle "playchess.com"]
[Source "ChessBase"]
[SourceQuality "1"]

{[%evp 9,44,-7,-3,-3,0,-8,-31,-7,-16,-17,-14,0,-6,-39,-6,-20,0,0,0,0,0,0,0,0,0,
0,0,0,0,0,0,0,0,0,0,0,0]} 1. d4 Nf6 2. c4 g6 3. Nc3 d5 4. Nf3 Bg7 5. h4 dxc4 6.
e4 {D90: Grünfeld: 4 Nf3 Bg7 sidelines.} c5 7. d5 b5 8. h5 {Black is slightly
better.} O-O ({Much weaker is} 8... gxh5 $6 9. e5 $16) 9. hxg6 fxg6 10. Rh4 a6
{[#]} 11. e5 $146 ({Predecessor:} 11. Bg5 Qe8 12. e5 Nfd7 13. d6 e6 14. Nd5 Bb7
15. Ne7+ Kh8 16. Bd3 cxd3 17. Rxh7+ Kxh7 {1-0 (38) Chittka,J (2268)-Bronstein,
O (2387) Karlsruhe 2019}) 11... Ng4 12. d6 {The position is equal.} Nxe5 13.
Qd5+ {[%mdl 64] [#] Double Attack} e6 14. Qxa8 Nxf3+ 15. gxf3 Qxh4 16. Qxb8 Bd4
$1 17. Nd1 Qh1 18. Qa8 e5 {[#] White must now prevent ...Bh3.} ({Worse is} 
18... Qxf3 19. Qxf3 Rxf3 20. a4 $16) 19. Qd5+ Rf7 {...Bh3 is the strong threat.
} 20. Qa8 {Strongly threatening d7.} Rf8 {And now ...Bh3 would win.} 21. Qd5+
Rf7 {Threatens to win with ...Bh3.} 22. Qa8 {Hoping for d7.} Rf8 {An
uneventful encounter.  Weighted Error Value: White=0.03/Black=0.03} 1/2-1/2

[Event "FIDE Chesscom Grand Swiss 2021"]
[Site "Riga"]
[Date "2021.10.31"]
[Round "5.45"]
[White "Pichot, Alan"]
[Black "Georgiev, Kiril"]
[Result "1-0"]
[WhiteElo "2628"]
[BlackElo "2577"]
[Annotator "TA"]
[PlyCount "80"]
[EventDate "2021.10.27"]
[EventType "swiss"]
[EventCountry "LAT"]
[Tiebreak "Cut1 Buchholz+Sonneborn-Berger (Swiss)"]
[SourceTitle "playchess.com"]
[Source "ChessBase"]
[SourceQuality "1"]

{[%evp 16,80,33,37,33,40,45,43,46,25,26,32,26,15,20,8,24,0,0,-24,0,0,3,3,3,6,8,
9,9,7,25,0,0,0,0,0,0,0,10,10,40,30,32,8,34,16,12,6,6,0,8,8,25,0,86,82,102,107,
104,128,113,113,295,259,279,112,235]} 1. e4 e5 2. Nf3 Nf6 3. Nxe5 d6 4. Nf3
Nxe4 5. d4 d5 6. Bd3 Be7 7. O-O Nc6 8. Nbd2 $1 {[%mdl 4] is now more promising
than 8.c4.} Bf5 9. Re1 {[%cal Rd2e4]} Nxd2 {C42: Petroff Defence: 3 Nxe5 and
unusual White 3rd moves.} 10. Qxd2 Bxd3 11. Qxd3 O-O {White is slightly better.
} 12. Qf5 $5 {[%mdl 4] A promising side line.} Bf6 13. c3 Ne7 {[#]} 14. Qh3
$146 ({Predecessor:} 14. Qg4 Ng6 15. Bg5 Bxg5 16. Nxg5 Qd6 17. Qf5 h6 18. Nf3
Rae8 19. a4 c6 20. Rad1 {1/2-1/2 (27) Latino,A (800)-Galli,P (800) IECG email
2005}) 14... Ng6 15. Bd2 Qc8 16. g4 Qd7 17. Kg2 Rae8 (17... h6 {is more
complex.} 18. g5 Qxh3+ 19. Kxh3 Bxg5 20. Bxg5 hxg5 21. Nxg5 Rae8) 18. Rxe8 Rxe8
19. g5 Qxh3+ 20. Kxh3 Bd8 21. Re1 Rxe1 22. Nxe1 $11 {[%mdl 4096] Endgame
KBN-KBN} f5 23. gxf6 Bxf6 24. Nd3 Kf7 25. Kg4 c6 26. f4 Ne7 27. f5 h5+ 28. Kxh5
Nxf5 29. Bf4 g6+ 30. Kg4 Be7 31. Ne5+ Kg7 32. Bg5 Bd6 33. h4 Ne7 34. c4 Nf5 (
34... Bxe5 $11 35. dxe5 Kf7) 35. cxd5 $1 $16 Bxe5 36. dxe5 cxd5 {[#] KB-KN} 37.
e6 $1 Nd4 {[#]} 38. Kf4 $1 {[%cal Rf4e5] Ke5 is the strong threat.} Nc6 (38...
Nxe6+ $16 39. Ke5 {[%mdl 64] Double Attack} Kf7) 39. a3 a6 40. b3 (40. b4 $18 {
and White stays clearly on top.}) 40... Kf8 {Weighted Error Value: White=0.12/
Black=0.20} (40... a5 $16 41. a4 d4) 1-0

[Event "FIDE Chesscom Grand Swiss 2021"]
[Site "Riga"]
[Date "2021.10.31"]
[Round "5.46"]
[White "Bartel, Mateusz"]
[Black "Movsesian, Sergei"]
[Result "1/2-1/2"]
[WhiteElo "2597"]
[BlackElo "2627"]
[Annotator "TA"]
[PlyCount "157"]
[EventDate "2021.10.27"]
[EventType "swiss"]
[EventCountry "LAT"]
[Tiebreak "Cut1 Buchholz+Sonneborn-Berger (Swiss)"]
[SourceTitle "playchess.com"]
[Source "ChessBase"]
[SourceQuality "1"]

{[%evp 11,157,36,52,2,22,8,31,0,0,0,0,-43,0,0,0,0,12,-19,-23,-27,-22,-56,-34,
-97,-57,-50,-56,-50,-50,-62,-53,-58,-55,-96,-79,-93,-91,-110,-112,-121,-100,
-97,-62,-73,-59,-62,-58,-48,-33,-29,-36,-35,-34,-110,-110,-110,-82,-190,-198,
-203,-79,-292,-40,-49,-42,-58,-58,-58,-48,-27,0,-58,-58,-44,-42,-99,-73,-74,
-74,-74,-74,-74,-74,-81,-81,-82,-79,-106,-106,-193,-193,-207,-201,-222,-222,
-324,-322,-327,-203,-203,-206,-201,-201,-192,-167,-167,-167,-163,-151,-158,
-157,-132,-87,-84,-65,-54,-28,-28,-28,-28,-28,-35,-28,-28,-28,-28,-28,-28,-28,
-36,-20,-20,-20,-20,-20,-20,0,0,0,0,0,0,0,0,0,0,0,0]} 1. e4 c5 2. Nf3 e6 3. d4
cxd4 4. Nxd4 Nc6 5. Nc3 Qc7 6. Be3 a6 7. g4 {B48: Sicilian: Taimanov: 5 Nc3
Qc7 6 Be3 a6 without Be2.} b5 8. Nxc6 Qxc6 9. Qd2 (9. a3 $14) 9... b4 $15 10.
Ne2 Qxe4 11. Rg1 Qc4 (11... Qc6 $15) 12. Nf4 $11 Qc7 13. O-O-O Nf6 14. Bg2 {
14.Nh5 is the recent fashion.} Bb7 {[#]} 15. Bxb7 $146 ({Predecessor:} 15. g5
Ne4 16. Qd4 Nd6 17. Qxb4 Bxg2 18. Nxg2 Rb8 19. Qa4 a5 20. Bd2 Nc4 21. Bc3 {
1/2-1/2 (47) Karjakin,S (2758)-Rapport,R (2760) Stavanger 2021}) 15... Qxb7 16.
f3 d6 17. Qe2 (17. Nh5 $15) 17... Qb5 18. Qxb5+ axb5 19. Kb1 Nd7 20. Nd3 Ne5
21. Nxe5 dxe5 22. Rge1 f6 23. Rd3 Be7 24. Bd2 Kf7 25. Re4 Rhd8 26. g5 Rd5 (
26... Rg8 {feels hotter.} 27. Be3 Rad8 28. Kc1 Rd5 29. gxf6 gxf6 30. Rh4 Kg7)
27. gxf6 gxf6 28. Rh4 $1 {[%cal Rh4h7]} Rg8 {White must now prevent ...Rg1+.}
29. Rxh7+ Ke8 30. Be3 Rg2 31. Kc1 f5 32. Rh5 ({Better is} 32. Rh8+ $1 $15 Kf7
33. Rh7+ Ke8 34. Rh8+ Kf7 35. Rh7+ Kf8 36. Rxd5 exd5 37. Kd1) 32... f4 $17 33.
Ba7 {Threatens to win with Rxd5.} e4 34. Rdxd5 (34. Rhxd5 $17 {was worth a try.
} exd5 35. Rd2 exf3 36. Rf2) 34... exd5 {[%mdl 4096] Endgame KRB-KRB} 35. Kd1
exf3 (35... e3 $1 $19 {is more deadly.} 36. Bb8 Rd2+ 37. Ke1 Rxc2 38. Bxf4 d4)
36. Rf5 $2 (36. Rh3 $17) 36... Bd6 $2 (36... Rxh2 $19 37. Re5 Kf7) 37. Rxd5 $15
{[#]} Bb8 38. Bc5 ({Not} 38. Bxb8 $2 Rg1+ 39. Kd2 f2 $19) (38. Bd4 Rxh2) 38...
Rxh2 {Hoping for ...f2.} 39. Rd3 $1 Rh1+ 40. Kd2 Rh2+ (40... Rh5 {with more
complications.} 41. Bf2 Rh3 42. Rd5 Rh2 43. Ke1 Kf7) 41. Kd1 Rh5 42. Bf2 Rh3
43. Ke1 (43. Rd4 $15) 43... Be5 44. Bd4 Bd6 45. Kf2 Ke7 46. c3 bxc3 47. Rxc3 {
[#]} Ke6 $1 48. Rxf3 Rh2+ 49. Kg1 Rc2 50. Rf2 (50. Rd3 $17 {might work better.}
) 50... Rc4 $19 51. Bb6 Rc6 52. Re2+ Kf5 53. Bd4 (53. Ba7 $142) 53... Rc4 54.
Bb6 Be5 55. Kg2 Rc6 56. Bf2 {[#]} Rd6 $1 57. Bc5 Rd5 58. Bb6 Rd1 59. b3 Rd3 {
Strongly threatening ...f3+.} 60. Kf2 Rh3 61. Re1 Rh6 62. Bc5 Rc6 63. Bb4 $1
Bd4+ 64. Kf3 Rh6 {And now ...Rh3+ would win.} 65. Re8 Rh3+ 66. Ke2 $1 f3+ 67.
Kd3 Ba7 68. Rf8+ Ke6 69. Re8+ Kd5 70. Rd8+ Kc6 71. Rd6+ {The position is equal.
} Kc7 {aiming for ...f2+.} 72. Rf6 f2+ 73. Ke2 Re3+ 74. Kf1 Re4 75. Rf7+ Kb8
76. Rf8+ Kb7 77. Rf7+ Ka6 78. Rf6+ Kb7 79. Rf7+ {Whites escaped into a draw. 
Weighted Error Value: White=0.19/Black=0.17} 1/2-1/2

[Event "FIDE Chesscom Grand Swiss 2021"]
[Site "Riga"]
[Date "2021.10.31"]
[Round "5.47"]
[White "Van Foreest, Lucas"]
[Black "Kravtsiv, Martyn"]
[Result "1/2-1/2"]
[WhiteElo "2543"]
[BlackElo "2625"]
[Annotator "TA"]
[PlyCount "60"]
[EventDate "2021.10.27"]
[EventType "swiss"]
[EventCountry "LAT"]
[Tiebreak "Cut1 Buchholz+Sonneborn-Berger (Swiss)"]
[SourceTitle "playchess.com"]
[Source "ChessBase"]
[SourceQuality "1"]

{[%evp 26,60,10,0,2,0,9,0,16,0,0,-8,0,-16,0,0,0,0,0,0,0,0,0,0,0,0,0,0,0,0,0,0,
0,0,0,0,0]} 1. d4 d5 2. c4 e6 3. Nc3 Nf6 4. cxd5 Nxd5 5. e4 Nxc3 6. bxc3 c5 7.
Nf3 cxd4 8. cxd4 Bb4+ 9. Bd2 Bxd2+ 10. Qxd2 O-O 11. Bc4 Nd7 12. O-O b6 13. Rad1
Bb7 14. Rfe1 {The position is equal.} Rc8 {D41: Queen's Gambit Declined:
Semi-Tarrasch with 5 cxd5.} 15. Bb3 Qf6 16. d5 $1 {[%mdl 4] is now more
promising than 16.Qe3.} Nc5 17. Bc2 exd5 18. e5 {[%cal Re5f6]} Qe7 19. Nd4 Ne4
20. Qf4 {[%cal Rc2e4]} g6 {[#]} 21. Bxe4 $146 ({Predecessor:} 21. h4 Kh8 22. h5
g5 23. Qf5 Rc5 24. h6 Bc8 25. Qf3 Rc3 26. Re3 Rxe3 27. Qxe3 {1-0 (38)
Melkumyan,H (2650)-Bu,X (2721) Douglas 2019}) 21... dxe4 22. Nf5 $1 {[%cal
Rf5e7]} gxf5 23. Rd7 $1 {[%cal Rd7e7]} Qxd7 24. Qg5+ Kh8 25. Qf6+ Kg8 26. Qg5+
Kh8 27. Qf6+ Kg8 28. Qg5+ Kh8 29. Qf6+ Kg8 30. Qg5+ Kh8 {Not much happened in
this game.  Weighted Error Value: White=0.02/Black=0.04} 1/2-1/2

[Event "FIDE Chesscom Grand Swiss 2021"]
[Site "Riga"]
[Date "2021.10.31"]
[Round "5.48"]
[White "Paravyan, David"]
[Black "Nguyen, Thai Dai Van"]
[Result "1/2-1/2"]
[WhiteElo "2642"]
[BlackElo "2577"]
[Annotator "TA"]
[PlyCount "101"]
[EventDate "2021.10.27"]
[EventType "swiss"]
[EventCountry "LAT"]
[Tiebreak "Cut1 Buchholz+Sonneborn-Berger (Swiss)"]
[SourceTitle "playchess.com"]
[Source "ChessBase"]
[SourceQuality "1"]

{[%evp 9,101,10,6,14,14,12,24,0,0,0,0,-9,0,0,0,0,0,0,0,0,0,0,0,0,0,-18,8,8,13,
13,11,20,17,19,33,10,10,10,10,11,19,6,11,6,10,0,0,0,3,0,0,0,0,0,0,0,0,0,0,0,0,
0,0,0,0,0,0,0,0,0,0,0,0,0,0,0,0,0,0,0,0,0,0,0,0,0,0,0,0,0,0,0,0,0]} 1. d4 d5 2.
Nf3 Nf6 3. e3 c5 4. Be2 Nc6 5. O-O Bg4 6. h3 {D04: Colle System.} Bxf3 7. Bxf3
e6 {[#]} 8. dxc5 $146 {White has an edge.} ({Predecessor:} 8. c3 Qc7 9. Nd2 Be7
10. dxc5 Bxc5 11. b3 O-O 12. Bb2 Rfd8 13. Qc2 Rab8 14. Rfc1 {1/2-1/2 (42)
Simek,J (2231)-Markus,R (2348) ICCF email 2018}) 8... Bxc5 9. c4 Ne5 10. Nc3 {
[%cal Rc4d5]} Nxc4 11. e4 $1 {[%cal Re4d5]} Ne5 12. exd5 Nxf3+ 13. Qxf3 Nxd5
14. Rd1 {[%cal Rc3d5]} O-O ({Much worse is} 14... Qf6 $6 15. Nxd5 exd5 16. Qxf6
$16 (16. Qxd5 Qxf2+ 17. Kh1 O-O $17) (16. Rxd5 Qxf3 17. gxf3 Rc8 $11)) 15. Nxd5
exd5 16. Rxd5 Qb6 17. Bf4 Rad8 {White must now prevent ...Rxd5.} 18. Rad1 Rxd5
19. Rxd5 Qc6 20. Be5 Be7 21. Bc3 Rd8 {[#]} 22. Qg3 $1 {[%csl Gc3][%cal Rg3g7]}
f6 $1 {The position is equal.} 23. Rxd8+ Bxd8 24. Qb8 Qb6 25. h4 a6 26. Qc8 Qc7
27. Qf5 (27. Qe6+ {is interesting.} Qf7 28. Qd6 Bc7 29. Qc5 Qd7 30. Qc4+) 27...
Qc6 28. h5 Be7 29. g3 h6 30. Bd4 Kf7 31. Be3 Qe6 32. Qf3 Qxa2 33. Qxb7 Qa5 34.
Qb3+ Kf8 35. Qd1 Qb5 36. b3 Kf7 37. Kg2 f5 38. Qf3 Bf6 39. b4 Qd3 40. Qb7+ Kg8
41. Kh2 Qc4 42. Qd7 Qg4 43. Qe6+ Kh7 44. Kg2 Bc3 45. Bc5 Qe4+ 46. Qxe4 fxe4 47.
Kf1 g6 48. Ke2 gxh5 {next ...Kg6 is good for Black.} 49. Ke3 Bf6 50. Kxe4 h4
51. gxh4 {A rather calm draw.  Weighted Error Value: White=0.03/Black=0.02}
1/2-1/2

[Event "FIDE Chesscom Grand Swiss 2021"]
[Site "Riga"]
[Date "2021.10.31"]
[Round "5.49"]
[White "Miezis, Normunds"]
[Black "Martirosyan, Haik M."]
[Result "0-1"]
[WhiteElo "2467"]
[BlackElo "2624"]
[Annotator "TA"]
[PlyCount "78"]
[EventDate "2021.10.27"]
[EventType "swiss"]
[EventCountry "LAT"]
[Tiebreak "Cut1 Buchholz+Sonneborn-Berger (Swiss)"]
[SourceTitle "playchess.com"]
[Source "ChessBase"]
[SourceQuality "1"]

{[%evp 24,78,0,-7,0,-11,-8,-4,0,-18,0,0,0,-65,15,-90,-62,-62,-48,-34,-38,-73,
-50,-73,-95,-106,-104,-195,-202,-194,-193,-204,-185,-458,-451,-459,-476,-476,
-476,-476,-466,-476,-472,-476,-469,-695,-511,-503,-492,-1283,-1274,-1204,-1123,
-1105,-1107,-1340,-1327]} 1. c4 e5 2. g3 Nf6 3. Bg2 d5 4. cxd5 Nxd5 5. Nc3 Nb6
6. Nf3 Nc6 7. O-O Be7 8. d3 O-O 9. a3 Be6 10. b4 a5 11. b5 Nd4 12. Rb1 f6 13.
Nd2 Qc8 {A29: English Opening: Four Knights Variation with 4 g3.} 14. e3 Nf5
15. Qc2 Rd8 {The position is equal.} 16. Nce4 Bd5 $5 {[%mdl 4] Leaves trodden
paths.} 17. Nc4 Qe6 {[%cal Rb6c4] [#]} 18. Bh3 $146 ({Better is} 18. Ncd2 $11)
({Predecessor:} 18. Nxb6 cxb6 19. Nxf6+ gxf6 20. e4 Bb3 21. Qxb3 Qxb3 22. Rxb3
Nd4 23. Rb1 Ne2+ 24. Kh1 Nxc1 25. Rbxc1 Bxa3 {0-1 (54) Gardner,A (2107)
-Williams,R (2234) ICCF email 2015}) 18... Qd7 {[#]} (18... Nxc4 $6 19. dxc4
Bxe4 20. Qxe4 $14) ({Black should play} 18... Bxe4 $15 19. dxe4 Qxc4 20. Qxc4+
Nxc4 21. Bxf5 Kf7) 19. f4 (19. Nxf6+ $1 $11 {keeps the balance.} gxf6 (19...
Bxf6 20. Bxf5) 20. Bxf5 Qxf5 21. e4) 19... exf4 20. Rxf4 Be6 (20... Nd4 $5 21.
exd4 Qxh3 $15) 21. Nf2 Nd6 22. Bg2 Nd5 23. Rh4 Nxb5 {Black continues to play
with concentration.} 24. a4 {[#]} Nb4 $1 {[%cal Rb4c2]} 25. Qb2 (25. Rxb4 $17 {
was called for.} axb4 26. axb5 Qxb5 27. Re4) 25... Nd6 $1 $19 (25... Nxd3 26.
Nxd3 g5 27. Re4 $14 (27. Qxb5 gxh4 28. Qxd7 Rxd7 $11)) 26. Nxa5 {[#]} Nxd3 {
[%mdl 512]} 27. Nxd3 Rxa5 28. Qc2 $2 (28. Bd2 {was worth a try.} Rg5 29. Bb4)
28... Nf5 $1 {[%csl LRd3,LRh4][%mdl 64] Discovered Attack. Black is clearly
winning.} 29. Re4 Qxd3 30. Qxd3 Rxd3 31. Rxe6 Kf7 32. Re4 Rd1+ 33. Kf2 {[#]}
Rc5 34. Bh3 (34. Ke2 $142 Rcxc1 35. Rxc1 Rxc1 36. Rc4 {[%mdl 64] Decoy} Rxc4
37. Bd5+ Ke8 38. Bxc4) 34... Nd6 35. Be6+ Kf8 36. Rh4 (36. Ke2 $142 Rdxc1 37.
Rxc1 Rxc1 38. Rh4) 36... Rc2+ 37. Kf3 Rf1+ 38. Kg4 f5+ {[%mdl 64] Discovered
Attack} 39. Bxf5 Nxf5 {Weighted Error Value: White=0.73/Black=0.17} 0-1

[Event "FIDE Chesscom Grand Swiss 2021"]
[Site "Riga"]
[Date "2021.10.31"]
[Round "5.50"]
[White "Antipov, Mikhail Al."]
[Black "Morovic Fernandez, Ivan"]
[Result "1-0"]
[WhiteElo "2619"]
[BlackElo "2510"]
[Annotator "TA"]
[PlyCount "55"]
[EventDate "2021.10.27"]
[EventType "swiss"]
[EventCountry "LAT"]
[Tiebreak "Cut1 Buchholz+Sonneborn-Berger (Swiss)"]
[SourceTitle "playchess.com"]
[Source "ChessBase"]
[SourceQuality "1"]

{[%evp 12,55,0,16,6,0,0,7,20,0,43,36,64,44,96,51,125,115,126,112,114,109,112,
106,107,104,108,108,324,0,324,326,321,321,321,314,320,316,307,283,347,233,702,
697,29993,29994]} 1. e4 c5 2. Nf3 e6 3. b3 b6 4. Bb2 Bb7 5. Nc3 Nc6 6. d4 cxd4
7. Nxd4 Nf6 {B40: Sicilian: 2...e6, Unusual lines.} 8. Nxc6 Bxc6 9. Bd3 Bb4 {
[#] The position is equal.} 10. Qf3 $146 ({Predecessor:} 10. O-O Qe7 11. Qe2
O-O 12. a3 Bxc3 13. Bxc3 e5 14. Rfd1 Rfd8 15. Bb4 d6 16. a4 {1-0 (54) Krejci,J
(2578)-Videnova,I (2369) Biel 2018}) 10... Qb8 11. O-O-O Bd6 12. g3 Be5 (12...
O-O $14) 13. Qe3 Ng4 {[#]} (13... Qd6 $14) 14. Qe2 $1 $16 {[%cal Re2g4]} Nf6
15. f4 Bd4 16. Kb1 O-O 17. e5 Bxc3 18. exf6 Bxb2 19. Kxb2 gxf6 $2 (19... Bxh1
20. Bxh7+ Kh8 21. Qh5 Bf3 22. Qg5 gxf6 23. Qh6 Qe5+ 24. fxe5 Rfc8 25. exf6
Rxc2+ 26. Bxc2+ Kg8 27. Qg7#) (19... g6 $16) 20. Qg4+ $40 {[%mdl 128] Black
needs to defend precisely.} Kh8 21. Qh4 $1 {[%csl Gd3,LRf6,LRh7][%cal Rh4h7]
[%mdl 64] Double Attack} f5 22. Qf6+ Kg8 23. g4 Qd8 {[#]} ({Don't blunder} 
23... Qxf4 $2 24. Rhg1 $18) (23... Bxh1 $2 24. gxf5 Qb7 25. Rg1+ Bg2 26. Qg5+
Kh8 27. Rxg2 $18) 24. Qh6 f6 ({Stronger than} 24... Bxh1 25. gxf5 Bg2 26. Rg1
Qf6+ 27. Qxf6 Rfc8 28. Rxg2+ Kf8 29. Rg7 {[%mdl 64] Double Attack} Rxc2+ 30.
Bxc2 exf5 31. Qxf7#) 25. gxf5 {Threatening mate with Rhg1+.} Qe7 26. Rhe1 {
Threatens to win with fxe6.} Bd5 $2 (26... Bf3) 27. fxe6 $18 dxe6 {[#]} 28.
Bxh7+ $1 {[%mdl 512] Black did not feel at home in the position after the
opening.  Weighted Error Value: White=0.26/Black=0.67} 1-0

[Event "FIDE Chesscom Grand Swiss 2021"]
[Site "Riga"]
[Date "2021.10.31"]
[Round "5.51"]
[White "Ganguly, Surya Shekhar"]
[Black "Budisavljevic, Luka"]
[Result "1-0"]
[WhiteElo "2617"]
[BlackElo "2508"]
[Annotator "TA"]
[PlyCount "110"]
[EventDate "2021.10.27"]
[EventType "swiss"]
[EventCountry "LAT"]
[Tiebreak "Cut1 Buchholz+Sonneborn-Berger (Swiss)"]
[SourceTitle "playchess.com"]
[Source "ChessBase"]
[SourceQuality "1"]

{[%evp 23,110,0,10,0,0,0,0,0,14,-32,-38,-38,4,17,13,4,8,6,37,32,50,45,41,47,89,
77,84,78,138,116,169,142,140,145,138,100,154,128,166,145,444,347,347,340,337,
329,304,309,508,506,485,464,2018,1529,29951,29948,29954,29953,29948,29952,
29951,29954,29951,29952,29955,29956,29956,29959,29958,29959,29956,29952,29970,
29972,29974,29975,29975,29976,29976,29977,29977,29978,29977,29978,29979,29980,
29980,29979,29975]} 1. e4 c5 2. Nf3 a6 3. Nc3 e6 4. Be2 Qc7 5. O-O Nc6 6. d4
cxd4 7. Nxd4 Nf6 8. Be3 Be7 9. f4 d6 10. a4 O-O 11. Kh1 Nxd4 12. Qxd4 Bd7 13.
e5 {B85: Sicilian Scheveningen: 6 Be2 a6, lines with early Be3.} Ne8 14. Ne4 {
And now exd6 would win.} Bc6 {With the idea ...dxe5.} 15. Bf3 {The position is
equal.} Rd8 {[#]} 16. c4 $5 $146 {[%mdl 8] New and interesting.} ({Predecessor:
} 16. Qc3 Rc8 17. a5 dxe5 18. fxe5 f5 19. exf6 Nxf6 20. Qb3 Kh8 21. Nxf6 Rxf6
22. Bxc6 Qxc6 23. Rxf6 gxf6 {1/2-1/2 (59) Georgiadis,N (2496)-Navara,D (2737)
Biel 2017}) 16... dxe5 17. Qxe5 Qxe5 18. fxe5 f6 19. Bb6 Rc8 20. b3 Kh8 21. Bd4
f5 22. Nc3 Bxf3 23. gxf3 Nc7 24. Rfd1 Na8 25. a5 Bb4 (25... Kg8 $142) 26. Na4
$1 $16 Rfe8 (26... Bxa5 $16 27. Nc5 {[%mdl 64] Double Attack} Bb4 28. Nxb7 (28.
Nxe6 Rfe8 $14) 28... Rc7) 27. Bb6 Nxb6 28. axb6 Red8 29. c5 Kg8 ({Black should
play} 29... Bd2) 30. Rxd8+ Rxd8 {[%mdl 4096] Endgame KRB-KRN} 31. Rc1 Rc8 $2 {
[%mdl 8192] Black cannot hold the game after this.} (31... Rd5 $16 {is a
better defense.}) 32. c6 bxc6 {[#]} 33. Rxc6 {[%mdl 512]} Rb8 ({And not} 33...
Rxc6 34. b7 $18) 34. Rxe6 Kf7 35. Rc6 Ba5 $2 (35... f4 {was necessary.} 36. Nb2
Be7) 36. f4 $18 Ke7 37. Kg2 Rb7 (37... Ke8 $142 38. Kf3 Kf7) 38. b4 Bxb4 {[#]}
39. Rc7+ $1 {White mates.} Rxc7 40. bxc7 {KB-KN} Kd7 41. Nb6+ Kxc7 42. Nd5+ {
[%mdl 64] Double Attack} Kd7 43. Nxb4 {KN-KP} a5 44. Nd3 Kc6 45. e6 Kd6 {[#]}
46. Nc5 $1 {[%cal Rc5b7][%mdl 512]} Ke7 47. Kf3 h6 48. h4 g6 49. Ke3 a4 50. Kd4
Kd6 51. Nxa4 Kxe6 52. Nc5+ Kf6 53. Nd7+ Ke6 54. Ne5 Kf6 55. Nf3 Ke6 {Weighted
Error Value: White=0.07/Black=0.37} 1-0